Stanislaus County, CA Communities - Statistics

General Stats
  • This quiz has been taken 12 times
    9 since last reset
  • The average score is 14 of 34
Answer Stats
Hint Answer % Correct
City Modesto
100%
City Turlock
100%
City Hughson
80%
City Patterson
80%
City Riverbank
80%
City Ceres
60%
CDP Denair
60%
CDP Empire
60%
City Newman
60%
City Oakdale
60%
CDP Salida
60%
City Waterford
60%
CDP Diablo Grande
40%
Unincorporated Community Grayson
40%
CDP Keyes
40%
Unincorporated Historic Community Knights Ferry
40%
Unincorporated Community La Grange
40%
CDP Monterey Park Tract
40%
CDP Valley Home
40%
CDP Westley
40%
CDP Bret Harte
20%
CDP Bystrom
20%
CDP Crows Landing
20%
CDP Del Rio
20%
CDP Hickman
20%
Unincorporated Community Hills Ferry
20%
CDP Parklawn
20%
CDP Riverdale Park
20%
CDP Rouse
20%
CDP West Modesto
20%
CDP Cowan
0%
Unincorporated CDP East Oakdale
0%
CDP McHenry
0%
Unincorporated Community Roberts Ferry
0%
No matching quizzes found
Score Distribution
Percent of People with Each Score
Percentile by Number Answered
Your Score History
You have not taken this quiz since the last reset